| 000 | 01321nac a22003131i 4500 | ||
|---|---|---|---|
| 003 | EG-ScBUE | ||
| 005 | 20251216103821.0 | ||
| 008 | 250818s2007 ne a f b 001 0 eng d | ||
| 020 | _a9780444517012 | ||
| 020 | _a0444517014 | ||
| 040 |
_aEG-ScBUE _beng _erda _cEG-ScBUE _dEG-ScBUE |
||
| 082 | 0 | 4 |
_a549.6 _bMUR _222 |
| 100 | 1 |
_aMurray, Haydn H. _q(Haydn Herbert), _d1924-2015, _eauthor. |
|
| 245 | 1 | 0 |
_aApplied clay mineralogy : _boccurrences, processing, and application of kaolins, bentonites, palygorskite-sepiolite, and common clays / _cHaydn H. Murray, professor emeritus, Department of Geological Sciences, Indiana University, Bloomington, Indiana, U.S.A.. |
| 250 | _aFirst edition. | ||
| 264 | 1 |
_aAmsterdam : _bElsevier, _c2007. |
|
| 300 |
_aviii, 180 pages : _billustrations ; _c28 cm. |
||
| 336 |
_2rdacontent _atext _btxt |
||
| 337 |
_aunmediated _2rdamedia _bn |
||
| 338 |
_avolume _bnc _2rdacarrier |
||
| 490 | 0 |
_aDevelopments in clay science, _x1572-4352 ; _v2 |
|
| 500 | _aIncludes Appendices. | ||
| 504 | _aIncludes bibliographical references and index. | ||
| 650 | 7 |
_aClay minerals. _2BUEsh |
|
| 650 | 7 |
_aClay minerals _xIndustrial applications. _2BUEsh |
|
| 655 | _vReading book | ||
| 856 | 4 | 2 |
_3Publisher description _uhttp://www.loc.gov/catdir/enhancements/fy0668/2006050756-d.html |
| 942 |
_cBB _2ddc |
||
| 999 |
_c6256 _d6256 |
||